书目信息 |
| 题名: |
环境工程仿真与控制
|
|
| 作者: | 刘漫丹 , 姚重华 编著 | |
| 分册: | ||
| 出版信息: | 北京 高等教育出版社 2010.07 |
|
| 页数: | 429页 | |
| 开本: | 23cm | |
| 丛书名: | ||
| 单 册: | ||
| 中图分类: | X5 | |
| 科图分类: | ||
| 主题词: | 环境工程--计算机仿真--高等学校--教材 , 环境工程--计算机控制--高等学校--教材 | |
| 电子资源: | ||
| ISBN: | 978-7-04-029577-1 | |
| 000 | 00895nam0 2200277 450 | |
| 001 | 012010618618 | |
| 005 | 20101122163155.18 | |
| 010 | @a978-7-04-029577-1@dCNY42.50 | |
| 100 | @a20101129d2010 em y0chiy0110 ea | |
| 101 | 0 | @achi |
| 102 | @aCN@b110000 | |
| 105 | @aa a 000yy | |
| 200 | 1 | @a环境工程仿真与控制@Ahuan jing gong cheng fang zhen yu kong zhi@f姚重华,刘漫丹编著 |
| 205 | @a第3版 | |
| 210 | @a北京@c高等教育出版社@d2010.07 | |
| 215 | @a429页@c图@d23cm | |
| 300 | @a面向21世纪课程教材 | |
| 320 | @a有书目 (第426-429页) | |
| 330 | @a本书共分五章,分别为“仿真”、“过程控制”、“动态分析”、“复杂控制”及“人工智能”。 | |
| 606 | 0 | @a环境工程@x计算机仿真@x高等学校@j教材 |
| 606 | 0 | @a环境工程@x计算机控制@x高等学校@j教材 |
| 690 | @aX5@v4 | |
| 701 | 0 | @a刘漫丹@Aliu man dan@4编著 |
| 701 | 0 | @a姚重华@Ayao chong hua@4编著 |
| 801 | 0 | @c20101129 |
| 905 | @dX5@eY375=3 | |
| 环境工程仿真与控制/姚重华,刘漫丹编著.-第3版.-北京:高等教育出版社,2010.07 |
| 429页:图;23cm |
| 面向21世纪课程教材 |
| ISBN 978-7-04-029577-1:CNY42.50 |
| 本书共分五章,分别为“仿真”、“过程控制”、“动态分析”、“复杂控制”及“人工智能”。 |
| ● |
| 相关链接 |
|
|
|
正题名:环境工程仿真与控制
索取号:X5/Y375=3
 
预约/预借
| 序号 | 登录号 | 条形码 | 馆藏地/架位号 | 状态 | 备注 |
| 1 | 1034695 | 210346954 | 自科库501/501自科库 97排2列5层/ [索取号:X5/Y375=3] | 在馆 | |
| 2 | 1034696 | 210346963 | 自科库501/501自科库 97排2列5层/ [索取号:X5/Y375=3] | 在馆 | |
| 3 | 1034697 | 210346972 | 期刊室512/501自科库 97排1列3层/ [索取号:X5/Y375=3] | 在馆 |